আলাওল বিরচিত সতী-ময়না লোর-চন্দ্রানী / (Record no. 10126)
[ view plain ]
| 000 -LEADER | |
|---|---|
| fixed length control field | 00781nam a2200229 a 4500 |
| 001 - CONTROL NUMBER | |
| JCCL Control Number | 10126 |
| 003 - CONTROL NUMBER IDENTIFIER | |
| JCCL marc code | BD-JhCC |
| 005 - DATE AND TIME OF LATEST TRANSACTION | |
| control field | 20180418124907.0 |
| 008 - FIXED-LENGTH DATA ELEMENTS--GENERAL INFORMATION | |
| fixed length control field | 171031s1992 bg |||| ||a| 000 0 ben d |
| 020 ## - INTERNATIONAL STANDARD BOOK NUMBER | |
| International Standard Book Number | 9840725475 |
| 035 ## - SYSTEM CONTROL NUMBER | |
| system control number | (BD-JhCC)10126 |
| 040 ## - CATALOGING SOURCE | |
| Original cataloging agency | BD-JhCC |
| Modifying agency | BD-JhCC |
| 041 ## - LANGUAGE CODE | |
| Language code of Book | ben |
| 082 ## - DEWEY DECIMAL CLASSIFICATION NUMBER | |
| Classification number | 891.4415 |
| Author mark and Year | KAY 1992 |
| 100 ## - MAIN ENTRY--PERSONAL NAME | |
| Personal name | কাইউম, মোহাম্মদ আবদুল |
| 245 ## - TITLE STATEMENT | |
| Title | আলাওল বিরচিত সতী-ময়না লোর-চন্দ্রানী / |
| Statement of responsibility, etc | মোহাম্মদ আবদুল কাইউম (সম্পা.) |
| 260 ## - PUBLICATION, DISTRIBUTION, ETC. (IMPRINT) | |
| Place of publication, distribution, etc | ঢাকা : |
| Name of publisher, distributor, etc | বাংলা একাডেমী, |
| Date of publication, distribution, etc | 1992. |
| 300 ## - PHYSICAL DESCRIPTION | |
| Pagination | 127 p. : |
| Dimensions | 22 cm. |
| 650 ## - SUBJECT ADDED ENTRY--TOPICAL TERM | |
| Topical term or geographic name as entry element | Poem |
| 942 ## - ADDED ENTRY ELEMENTS (KOHA) | |
| Source of classification or shelving scheme | Dewey Decimal Classification |
| Koha item type | Books |
| Source of classification or shelving scheme | Damaged status | Not for loan | Home library | Current library | Shelving location | Date of accession | Cost, normal purchase price | Total Checkouts | Full call number | Barcode | Date last seen | Copy number | Koha item type |
|---|---|---|---|---|---|---|---|---|---|---|---|---|---|
| Dewey Decimal Classification | JCC Rouf Library | JCC Rouf Library | General Stacks | 04/18/2018 | 100.00 | 891.4415 KAY 1992 | 13146 | 04/18/2018 | C-1 | Books |